000 00236nam a22000857a 4500
999 _c6957
_d6957
008 170620b xxu||||| |||| 00| 0 eng d
020 _a9780323081351
100 _93572
_aBushong,Stewant grlyle
245 _aRadiologic Science for 10 Technologys
260 _bElsener
_c2008